Vzťahy Ruskej federácie a Organizácie Severoatlantickej zmluvy po skončení studenej vojny diplomová práca

Guardado en:
Detalles Bibliográficos
Autor principal: Kimerling, Martin
Autor Corporativo: Fakulta medzinárodných vzťahov EU. Katedra medzinárodných politických vzťahov
Otros Autores: Zubro, Tetyana, 1975-
Formato: Libro
Lenguaje:eslovaco
Publicado: Bratislava 2017
Etiquetas: Agregar Etiqueta
Sin Etiquetas, Sea el primero en etiquetar este registro!

MARC

LEADER 00000nbm a2200000 4500
001 0232025
005 20180223121130.2
041 0 |a slo 
044 |a SK 
245 1 0 |a Vzťahy Ruskej federácie a Organizácie Severoatlantickej zmluvy po skončení studenej vojny  |b diplomová práca  |c Martin Kimerling ; školiteľ: Tetyana Zubro 
264 1 |a Bratislava  |c 2017 
300 |a 82 s. 
100 1 |a Kimerling, Martin 
700 1 |a Zubro, Tetyana, 1975- 
710 2 |a Fakulta medzinárodných vzťahov EU. Katedra medzinárodných politických vzťahov